000 01643nam a2200493 i 4500
001 20761
003 KOSZ 005
005 20200226160217.0
008 991116s1982 pl a f |000 0 pol
015 _aPB 1982/5505
020 _a8311067236
035 _a991012088639705066
035 _a(PL-WaBN)b13276451-48omnis_nlop
035 _ab13276451
035 _a(OCoLC)835943619
035 _a(PL)b0000001327645
035 _a(EXLNZ-48OMNIS_NETWORK)9910476089705606
040 _aWA N
_cWA N
_dKOSZ 005/EG
041 _apol
046 _k1972
080 _a621.039+539.1
080 _a(03)
100 1 _aSzepke, Ryszard
_d(?-2004)
_eAutor
245 1 0 _a1000 słów o atomie i technice jądrowej /
_cRyszard Szepke.
246 3 _aTysiąc słów o atomie i technice jądrowej
250 _a[Wyd. 3 uzup. i popr.].
260 _aWarszawa :
_bWydaw. Min. Obrony Narodowej,
_c1982.
300 _a274, [2] s., [4] k. tabl. kolor. :
_bil. mapy, portr. tab. wykr. ;
_c21 cm.
336 _2rdacontent
_aTekst
_btxt
337 _2rdamedia
_aBez urządzenia pośredniczącego
_bn
338 _2rdacarrier
_aWolumin
_bnc
380 _aKsiążki
388 _a1901-2000
388 _a1945-1989
650 7 _aFizyka jądrowa
_2DBN
650 7 _aTechnika jądrowa
_2DBN
655 7 _aEncyklopedia
_2DBN
658 _aFizyka i astronomia
658 _aInżynieria i technika
710 2 _aWydawnictwo Ministerstwa Obrony Narodowej
856 _uhttp://koha.tu.koszalin.pl/cgi-bin/koha/opac-detail.pl?biblionumber=20761
_yKatalog online BPK
942 _2UKD
_cKS
999 _c20761
_d20761